| 000 | 00679nam a22001577a 4500 | ||
|---|---|---|---|
| 003 | OSt | ||
| 005 | 20150913153610.0 | ||
| 008 | 150913b xxu||||| |||| 00| 0 eng d | ||
| 040 | _cRUA | ||
| 082 | _aAGR LIN 1998 B020 Or.3 | ||
| 100 |
_9401 _aLIN, LY. |
||
| 245 | _aសត្វល្អិតចង្រៃលើដំណាំបន្លែអំបូរ cucurbitaceae និង វិធានការកំចាត់ក្នុងលក្ខខ័ណ្ឌខេត្តកំពត (harmful insects on cucurbit vegetable crops and control measures in kampot province conditions) | ||
| 260 |
_aPhnom Penh _bRUA _c1998 |
||
| 300 |
_a78p. _bill. _c29cm. |
||
| 942 |
_2ddc _cAGR |
||
| 999 |
_c380 _d380 |
||